01387nam a2200361Ia 4500001001100000003000800011006001900019007001500038008004100053010001700094020001500111020002200126020002200148020002200170040002100192035002000213050002300233082001600256100001900272245011500291260006400406300001500470490003900485504006800524533015200592650001500744650003900759650001600798655002900814710001700843830004000860856012500900ebr5000244CaPaEBRm u cr cn|||||||||000414s2000 ne sb 001 0 eng d z 00031142  z1556198388 z1556198396 (pbk.) z9027250960 (Eur.) z9027250979 (Eur.) aCaPaEBRcCaPaEBR a(OCoLC)7076916814aPN81b.S366 2000eb04a801/.952211 aSell, Roger D.10aLiterature as communicationh[electronic resource] :bthe foundations of mediating criticism /cRoger D. Sell. aAmsterdam ;aPhiladelphia :bJ. Benjamins Pub. Co.,cc2000. axi, 348 p.1 aPragmatics & beyond ;vnew ser. 78 aIncludes bibliographical references (p. [303]-332) and indexes. aElectronic reproduction.bPalo Alto, Calif. :cebrary,d2013.nAvailable via World Wide Web.nAccess may be limited to ebrary affiliated libraries. 0aCriticism. 0aLiteraturexHistory and criticism. 0aPragmatics. 7aElectronic books.2local2 aebrary, Inc. 0aPragmatics & beyond ;vnew ser. 78.40uhttp://site.ebrary.com/lib/rucke/Doc?id=5000244zAn electronic book accessible through the World Wide Web; click to view